000
00355nam a2200133Ia 4500
003
GCL
008
140319s9999 xx 000 0 ara d
040
_a
GCL /
_c
GCL
082
0
4
_a
070.956
_b
ف ص
245
1
0
_a
الصحافة العربية المهاجرة
260
_a
[S.N] :
_b
عالم الكتب الحديث ،
_c
1993
300
_a
477 ص
490
_a
999
_c
32159
_d
32159